000 00604 a2200229 4500
005 20260121110706.0
008 260119b |||||||| |||| 00| 0 eng d
020 _a9780323829977
_c$142.99
040 _aMAIN
082 _a616.9041
_bM279T(7)
100 _aMahon, Connie R, ed.
245 _aTextbook of diagnostic microbiology
250 _a7th
260 _bElsevier
_c2023
_aMissouri
300 _axii, 1105
650 _aDiseases
650 _aInfections Diseases
650 _aLaboratory Diagnoises
650 _aMedical Biotechnology
700 _aLehman, Donald C, ed.
942 _cBK
999 _c395223
_d395223